000
00288 a2200133 4500
020
_a
0134613775
090
_c
2220
_d
2220
100
_a
LOVELOCK, CHRISTOPHER. H
245
_a
SERVICES MARKETING
250
_a
3RD
260
_a
NEW DELHI
300
_a
660
942
_a
NBS
_c
BK
_k
658.8 LOV
999
_c
344722
_d
344722